Central Library OPAC University of Rajshahi

Jesus Christ message to all nations / (Record no. 22973)

MARC details
000 -LEADER
fixed length control field 03991cam a22003977i 4500
001 - CONTROL NUMBER
control field 22973
003 - CONTROL NUMBER IDENTIFIER
rucl marc code BD-RjUL
005 - DATE AND TIME OF LATEST TRANSACTION
control field 20211209000858.0
008 - FIXED-LENGTH DATA ELEMENTS--GENERAL INFORMATION
fixed length control field 140309r2013 azu 000 0 eng d
020 ## - INTERNATIONAL STANDARD BOOK NUMBER
International Standard Book Number 139781937271176
035 ## - SYSTEM CONTROL NUMBER
System control number (BD-RjUL)23038
040 ## - CATALOGING SOURCE
Original cataloging agency KMA
Language of cataloging eng
Transcribing agency KMA
Description conventions rda
Modifying agency NA5
-- SGB
-- IGP
-- CFT
-- VZD
-- DLC
-- BD-RjUL
041 ## - LANGUAGE CODE
Language code of text/sound track or separate title eng
082 04 - DEWEY DECIMAL CLASSIFICATION NUMBER
Classification number 289.334
Edition number 23
Author mark and year JEJ 2013
100 1# - MAIN ENTRY--PERSONAL NAME
Personal name Jeffs, Warren,
Dates associated with a name 1955-,
9 (RLIN) 70839
245 10 - TITLE STATEMENT
Title Jesus Christ message to all nations /
Statement of responsibility, etc. [Warren Jeffs].
246 3# - VARYING FORM OF TITLE
Title proper/short title Message to all nations
250 ## - EDITION STATEMENT
Edition statement Second edition
260 ## - PUBLICATION, DISTRIBUTION, ETC. (IMPRINT)
Place of publication, distribution, etc. America :
Name of publisher, distributor, etc. United States of America,
Date of publication, distribution, etc. c2013
300 ## - PHYSICAL DESCRIPTION
Pagination lv, 968 pages ;
Size 24 cm
500 ## - GENERAL NOTE
General note "President Warren S. Jeffs, Mouthpiece of God ; Jesus Christ, Author"--4th preliminary page.
505 00 - FORMATTED CONTENTS NOTE
Title Introduction --
-- Warning of the Lord Jesus Christ through his servant Warren Jeffs, to the United States of America ;
-- Warning of the Lord Jesus Christ to all nations ;
-- Policies and general principles of the government of Son Ahman in the kingdom of Ahman --
-- Continued warnings of Son Ahman to the leaders of the nations of the earth --
-- Thus saith Son Ahman, even your Lord Jesus Christ, my own will to all nations on earth of full power to be fulfilled, unto all knowing I, God, have spoken eternal power upon all nations --
-- Jesus Christ, Son Ahman, sendeth power-word of warning to all peoples on earth, warning of judgments of full power, to call on all to repent; thus I am just, and of full authority to render judgment on all nations --
-- Jesus Christ, who is over all, speaketh strong warning of certain holy power of judgments to be upon nation of my holy power of new Jerusalem, also to all nations --
-- Jehovah, even Jesus Christ, warn all nations to repent; for I cometh ;
-- Jesus Christ giveth own writing to Supreme Court of Appeals --
-- Jesus Christ holy will to President of United States of America, new word of now need of just order to be of full now labor. Now do so. Amen --
-- Jesus Christ message of only peace holy power demonstrating to ruler order to make peace in holy way living --
-- [Section Revelation] 183-202 --
-- Proclamation:
-- Administration of president Joseph Smith, Jun. ;
-- Administration of president Brigham Young ;
-- Administration of president John Taylor ;
-- Administration of president John W. Woolley ;
-- Administration of president Lorin C. Woolley ;
-- Administration of president John Y. Barlow ;
-- Administration of president Leroy S. Johnson ;
-- Administration of president Rulon Jeffs ;
-- Administration of president Warren S. Jeffs ;
-- Warnings of previous sending to leaders of the nation --
-- Appendix of my new word of pure power printed in this my proclamation to all peoples on all lands referencing pages to find my word in this publishing --
-- Documents showing the legal and religious establishing and continuing of the Fundamentalist Church of Jesus Christ of Latter-day Saints among men on earth, thy Lord establishing his church April 6, 1830, through Joseph Smith, continued on earth through my priesthood; now a legal organization according to law of land among men, saith Jesus Christ, your Lord --
-- Word of the Lord Jesus Christ of continued sacred warning to all peoples on earth --
-- Second edition continued revealings --
-- Compiling errors of first edition of now correction.
520 ## - SUMMARY, ETC.
Summary, etc. A compendium of prophecies attributed to Jesus Christ by Warren S. Jeffs during 2009-2013, principally at Palestine, Texas.
600 10 - SUBJECT ADDED ENTRY--PERSONAL NAME
Personal name Jeffs, Warren,
Dates associated with a name 1955-
610 20 - SUBJECT ADDED ENTRY--CORPORATE NAME
Corporate name or jurisdiction name as entry element Fundamentalist Church of Jesus Christ of Latter Day Saints.
650 #0 - SUBJECT ADDED ENTRY--TOPICAL TERM
Topical term or geographic name as entry element Prophecy.
9 (RLIN) 70842
Topical term or geographic name as entry element Eschatology.
9 (RLIN) 70843
Topical term or geographic name as entry element Judgment Day.
9 (RLIN) 70844
Topical term or geographic name as entry element Private revelations.
9 (RLIN) 70845
Topical term or geographic name as entry element Pedophilia
General subdivision Religious aspects.
9 (RLIN) 70846
700 0# - ADDED ENTRY--PERSONAL NAME
Personal name Jesus Christ.
710 2# - ADDED ENTRY--CORPORATE NAME
Corporate name or jurisdiction name as entry element Fundamentalist Church of Jesus Christ of Latter Day Saints.
9 (RLIN) 70848
942 ## - ADDED ENTRY ELEMENTS (KOHA)
Source of classification or shelving scheme Dewey Decimal Classification
Koha item type Books
Holdings
Lost status Source of classification or shelving scheme Damaged status Not for loan Collection code Permanent Location Current Location Shelving location Date acquired Source of acquisition Total Checkouts Full call number Date last seen Copy number Koha item type
  Dewey Decimal Classification   Added to bundle Non-fiction Central Library, University of Rajshahi Central Library, University of Rajshahi Reading Room 08/03/2014 Gift   289.334 JEJ 2013 09/03/2014 C-1 Books